1763 1130 1874 1272 1655 1614 1762 1561 1126 1848 1025 1739 1420 1261 1536 1931 1418 1054 1849 1206 1968 1418 1201 1989 1971 1647 1530 1305 1523 1108 1409 1357 1100 1118 1739 1453 1145 1436 1850 1675 1260 1817 1707 1740 1688 1288 1887 1924 1058 1937 1367 1504 1261 1859 1365 1932 1855 1416 1871 1791 1004 1655 1726 1879 1620 1582 1205 1499 1026 1578 1892 1018 1258 1307 1592 1688 1177 1488 1922 1687 1182 1529 1354 1855 1387 1774 1941 1025 1227 1328 1430 1415 1359 1511 1269 1822 1466 1839 1379 BCNSPRNW ULIB Ver.6.0+V

เปลี่ยนเป็นภาษาไทย

Change to English
 แสดงรายละเอียดบรรณานุกรม
  กลับหน้าหลัก

Brief Record : Get Marc (ISO 2709) : E-mail record : QR code < ปิดหน้าต่าง
LEADER : 00000nam 2200000uu 4500
001    13399124712
003     ULIB
008    160121s2536||||th 000 0 tha d
020    ^a9745875937
099    ^aวพ.WQ100^bช185ผ
100 0  ^aชไมพร โนนศรีชัย
245 10 ^aผลของการให้คำปรึกษาทางสุขภาพต่อความวิตกกังวลขณะเผชิญของหญิงตั้งครรภ์ที่ได้รับการเจาะน้ำคร่ำทางหน้าท้องเพื่อการวินิจฉัยก่อนคลอด =^bEffect of health counseling on state anxiety in pregnant women receiving prenatal diagnosis by amniocentesis /^cชไมพร โนนศรีชัย
246 31 ^aEffect of health counseling on state anxiety in pregnant women receiving prenatal diagnosis by amniocentesis
260    ^a^c2536
300    ^aก-ซ, 98 แผ่น ;^c30 ซม.
500    ^aSend to Single Search
502    ^aวิทยานิพนธ์ (วท.ม. (พยาบาลศาสตร์))--มหาวิทยาลัยมหิดล, 2536
610 24 ^aมหาวิทยาลัยมหิดล^xวิทยานิพนธ์
610 24 ^aมหาวิทยาลัยมหิดล. ^bคณะแพทยศาสตร์โรงพยาบาลรามาธิบดี^xวิทยานิพนธ์
650  4 ^aการปรึกษา^xในระยะตั้งครรภ์
650  4 ^aการวินิจฉัยก่อนคลอด
650  4 ^aความวิตกกังวล^xในระยะตั้งครรภ์
650  4 ^aคำปรึกษาทางสุขภาพ
691    ^aวท.ม. (2536)
692    ^aพยาบาลศาสตร์ (มหาวิทยาลัยมหิดล 2536)
700 0  ^aอรพินธ์ เจริญผล,^eที่ปรึกษา
700 0  ^aมาลี เลิศมาลีวงศ์,^eที่ปรึกษา
700 0  ^aประไพ บุรินทรามาตย์,^eที่ปรึกษา
710 2  ^aมหาวิทยาลัยมหิดล
710 2  ^aมหาวิทยาลัยมหิดล. ^bคณะแพทยศาสตร์โรงพยาบาลรามาธิบดี
710 22 ^aมหาวิทยาลัยมหิดล.^tวิทยานิพนธ์
945    ^p0^l0^i008416
999    ^aเกษร โพธิ์สุวรรณ
รายการนี้ยังไม่มีแท็ก
คุณยังไม่ได้ล็อกอิน คุณสามารถมีกิจกรรมร่วมกับเว็บไซต์ได้ แต่ต้องล็อกอินก่อน ::
  ล็อกอิน

รายการสื่อสารสนเทศ

ลำดับที่ ประเภท เลขเรียก/บาร์โค้ด สถานที่ สถานะ
1. วิทยานิพนธ์
วิทยานิพนธ์
วพ.WQ100 ช185ผ ฉ.1 
  Barcode: 008416
ห้องสมุดวิทยาเขตสวรรค์ประชารักษ์
► วิทยานิพนธ์
บนชั้น

รายการใกล้เคียง
    หัวเรื่อง [การวินิจฉัยก่อนคลอด]

BibComment


ยังไม่เคยถูกคอมเมนท์

คอมเมนท์ทรัพยากรรายการนี้
  คอมเมนท์: ผลของการให้คำปรึ..


 Copyright 2026. Bcnsprnw @Library